[Event "Lone Pine op Louis D. Statham Masters"]
[Site "Lone Pine"]
[Date "1979.03.25"]
[Round "1"]
[White "Gheorghiu, Florin"]
[Black "Petursson, Margeir"]
[Result "1-0"]
[WhiteElo "2540"]
[BlackElo "2420"]
[Annotator "Dolmatov,S"]
[PlyCount "91"]
[EventDate "1979.03.25"]
[EventType "swiss"]
[EventRounds "9"]
[EventCountry "USA"]
[SourceTitle "MCL"]
[Source "ChessBase"]
[SourceDate "1999.07.01"]
[SourceVersion "1"]
[SourceVersionDate "1999.07.01"]
[SourceQuality "1"]

1. d4 Nf6 2. c4 e6 3. Nf3 b6 4. a3 Bb7 5. Nc3 Be7 $6 6. d5 d6 7. e4 c6 8. Bd3 (
8. dxe6 fxe6 9. Ng5 Bc8 10. f4 O-O 11. Bd3 e5 12. f5 c5 13. g4 $16 {Petrosian,
T-Keres,P/Zurich/1961/}) 8... a6 9. dxe6 fxe6 10. Ng5 Qd7 11. f4 e5 12. f5 b5
13. Ne6 $16 Bd8 14. O-O (14. Be3 Qe7 15. g4 $16) 14... Bb6+ 15. Kh1 Qe7 16. Be2
Rg8 (16... Bc8 17. Bh5+ Nxh5 (17... Kd7 18. c5 $16) (17... g6 18. fxg6 hxg6 19.
Bxg6+ Kd7 20. Bf5 $16) 18. Qxh5+ Kd7 (18... Qf7 19. Nxg7+ $16) (18... g6 19.
fxg6 $16) 19. Bg5 $16) 17. Bg5 Nbd7 18. Qb3 Qf7 19. Qd1 Qe7 20. cxb5 axb5 21.
Qb3 Qf7 (21... Nf8 22. Bxf6 gxf6 23. Nc7+ $16) 22. a4 Nc5 23. Nxc5 Bxc5 24.
Qxf7+ Kxf7 25. axb5 cxb5 26. Bxb5 Rgb8 27. Bc4+ Kf8 28. Bxf6 gxf6 29. Rxa8 Bxa8
30. b3 Bd4 31. Nd5 Bxd5 32. Bxd5 Rc8 33. Rb1 Rc2 (33... Be3 34. b4 Rc1+ 35.
Rxc1 Bxc1 36. g3 Ke7 37. Kg2 Kd7 38. Kf3 $18) 34. b4 Kg7 35. b5 Kh6 36. h4 (36.
b6 $4 Bxb6) 36... Bb6 37. Kh2 Kg7 38. Rb3 Kh6 39. Kh3 Rc1 40. Kg4 Rf1 41. g3
Rf2 42. Ra3 Rb2 43. Ra8 Rxb5 44. Rb8 Rb2 45. Rb7 Bd4 46. Rf7 1-0

[Event "Biel"]
[Site "Biel"]
[Date "1986.07.30"]
[Round "9"]
[White "Lobron, Eric"]
[Black "Polugaevsky, Lev"]
[Result "1/2-1/2"]
[WhiteElo "2515"]
[BlackElo "2575"]
[Annotator "Dolmatov,S"]
[PlyCount "107"]
[EventDate "1986.07.20"]
[EventType "tourn"]
[EventRounds "11"]
[EventCountry "SUI"]
[EventCategory "12"]
[SourceTitle "MCL"]
[Source "ChessBase"]
[SourceDate "1999.07.01"]
[SourceVersion "1"]
[SourceVersionDate "1999.07.01"]
[SourceQuality "1"]

1. d4 Nf6 2. Nf3 e6 3. c4 b6 4. a3 Ba6 5. Qc2 Bb7 6. Nc3 c5 7. dxc5 bxc5 8. Bf4
Be7 (8... Nh5 9. Bg5 Be7 10. Bxe7 Qxe7 11. e3 d6 12. Be2 Nf6 13. O-O O-O 14.
Rfd1 Nc6 15. Rd2 $10 {Van der Werf,M -Browne,W/Lugano/1989/}) 9. Rd1 O-O 10. e3
d6 11. Rd2 Qb6 12. Be2 Rd8 13. O-O Nbd7 14. Rfd1 (14. h3 Nf8 15. Rb1 Rd7 16. b4
cxb4 17. axb4 Rc8 18. Qa4 $14 {Cebalo,M-Marjanovic,S/JUG/1987/1:0/47/}) 14...
Nf8 15. b4 cxb4 16. axb4 Rac8 (16... Qxb4 $2 17. Rb1 $18) 17. Nd4 $6 (17. Qa4
$14) 17... Ba8 $5 {/\18.Qa4 Qb7 19.f3 e5-+} 18. Ndb5 e5 19. Bg5 a6 20. Bxf6
gxf6 21. Na3 (21. Na4 $2 Qb7 22. Bf3 e4 $19) 21... Qxb4 22. Nab1 $44 Rc5 23.
Ne4 Bxe4 24. Qxe4 Ng6 (24... d5 $2 25. Qg4+ Kh8 26. cxd5 $16) 25. Qd3 {/\Nc3}
Ra5 26. Qc2 Ra1 27. Nc3 Rxd1+ 28. Rxd1 Qc5 29. Qa4 $6 (29. g3 $5 a5 30. h4 $16)
29... f5 $1 30. Qxa6 f4 31. Nd5 fxe3 32. Nxe3 (32. fxe3 $6 Bg5 $132) 32... Bg5
33. Nd5 Nf4 34. Nxf4 Bxf4 $14 35. g3 Bg5 36. Kg2 Be7 37. Qb7 Kf8 38. Qe4 Kg7
39. Ra1 $2 (39. Qg4+ Kf8 40. Bf3 Qc8 41. Qh5 $16) 39... Rc8 40. Bd3 $6 Qc6 $10
41. Qxc6 Rxc6 42. Ra4 Rc5 43. Be4 Bd8 44. Bd5 Ra5 45. Rb4 Ra7 46. h4 f5 47. Rb8
Be7 48. Rg8+ Kf6 49. h5 Rd7 50. h6 Rd8 51. Rg7 Bf8 52. Rxh7 Kg6 53. Rh8 Be7 54.
Rxd8 1/2-1/2

[Event "Capablanca Memorial-A 21st"]
[Site "Havana"]
[Date "1986.05.27"]
[Round "7"]
[White "Boensch, Uwe"]
[Black "Vladimirov, Yevgeniy"]
[Result "1-0"]
[WhiteElo "2475"]
[BlackElo "2490"]
[Annotator "Dolmatov,S"]
[PlyCount "80"]
[EventDate "1986.05.20"]
[EventType "tourn"]
[EventRounds "13"]
[EventCountry "CUB"]
[EventCategory "10"]
[SourceTitle "MCL"]
[Source "ChessBase"]
[SourceDate "1999.07.01"]
[SourceVersion "1"]
[SourceVersionDate "1999.07.01"]
[SourceQuality "1"]

1. d4 Nf6 2. c4 e6 3. Nf3 b6 4. a3 Bb7 5. Nc3 d5 6. Bg5 Be7 7. e3 Nbd7 (7...
O-O 8. Bd3 Nbd7 9. O-O h6 10. Bh4 c5 $10) 8. cxd5 Nxd5 (8... exd5 9. Bd3 $14)
9. Nxd5 Bxd5 10. Bxe7 Qxe7 11. Rc1 c5 12. Bb5 O-O 13. Bxd7 Qxd7 14. dxc5 Qb7 (
14... bxc5 $2 15. e4 Bc6 16. Qxd7 Bxd7 17. Rxc5 Rfb8 (17... Rab8 18. b4 Rfc8
19. Rxc8+ Rxc8 20. Kd2 $16) 18. Rc2 $16) 15. Qe2 (15. cxb6 Qxb6 16. Qe2 Rab8
$10) 15... bxc5 16. O-O (16. Rxc5 $2 Rfc8 $17 (16... Rfb8 $6 17. O-O Qxb2 $2
18. Rc8+ $18)) 16... Rfc8 17. Rfd1 Rab8 18. Rd2 h6 (18... Bxf3 19. Qxf3 Qxf3
20. gxf3 Kf8 $10) 19. Ne1 a5 $6 (19... e5 $5 20. f3 c4 $15) 20. f3 a4 21. Nd3
Qb6 22. Rdc2 c4 23. Nb4 $14 f5 24. Kh1 Rc7 25. e4 fxe4 26. fxe4 Bb7 27. h3 (27.
Rxc4 Ba6 28. Nxa6 Qxa6 29. h3 Rxb2 30. Qxb2 Rxc4 $10) 27... Rf8 28. Na2 Rcf7 $6
(28... Qa5 29. Nc3 Qe5 $10) 29. Qxc4 Ba6 30. Qc5 Qb3 (30... Qb8 31. e5 Rf1+ 32.
Rxf1 Rxf1+ 33. Kh2 Rf5 34. Qd6 $16) 31. Nc3 Rf1+ 32. Kh2 Qb8+ 33. e5 Rxc1 34.
Rxc1 Qxb2 35. Rb1 Qd2 36. Ne4 Qd3 $6 (36... Qf4+ 37. Ng3 Rc8 38. Qd6 Rc3 39.
Qxe6+ Kh7 40. Qg4 (40. Qf5+ $2 Qxf5 41. Nxf5 Bd3 $19) 40... Qxe5 $15) 37. Rb4
Qxa3 $2 38. Nf6+ $18 Kf7 39. Qa7+ Kg6 40. Rg4+ Kf5 (40... Kf5 41. Qf2+ Kxe5 42.
Qf4#) 1-0

[Event "URS-ch53 First League"]
[Site "Kharkov"]
[Date "1985.10.??"]
[Round "?"]
[White "Eingorn, Vereslav S"]
[Black "Gurgenidze, Bukhuti"]
[Result "1-0"]
[WhiteElo "2525"]
[BlackElo "2445"]
[Annotator "Dolmatov,S"]
[PlyCount "81"]
[EventDate "1985.10.??"]
[EventType "tourn"]
[EventRounds "17"]
[EventCountry "URS"]
[EventCategory "9"]
[SourceTitle "MCL"]
[Source "ChessBase"]
[SourceDate "1999.07.01"]
[SourceVersion "1"]
[SourceVersionDate "1999.07.01"]
[SourceQuality "1"]

1. d4 Nf6 2. c4 e6 3. Nf3 b6 4. a3 Bb7 5. Nc3 Ne4 $6 6. Nxe4 Bxe4 7. e3 Nc6 (
7... c5 8. Bd3 Bxd3 9. Qxd3 cxd4 10. Qxd4 Nc6 11. Qd3 Be7 12. e4 Qc7 13. O-O
O-O 14. b3 a6 15. Rd1 Ra7 16. g3 $16 {Gheorghiu,F-Andersson,U/London/1980/ Inf
29/497/}) 8. Nd2 (8. Bd3 Bxd3 9. Qxd3 Ne7 10. O-O $16) 8... Bg6 9. Be2 Ne7 10.
O-O Nc8 11. b4 (11. e4 $5 Be7 12. f4 $16) 11... Be7 12. Bf3 Rb8 (12... c6 13.
b5 $16) (12... d5 $2 13. cxd5 exd5 14. Qa4+ $18) 13. b5 O-O 14. Qb3 Bd6 15. Bb2
Qg5 16. g3 (16. a4 Ne7 17. g3 Nf5 18. Bg2 $16) 16... h5 17. Bg2 Qh6 18. f4 h4
19. e4 (19. g4 h3 20. Bf3 $16) 19... Bh5 20. Rf2 Be7 21. e5 f5 22. a4 Rf7 $6 (
22... g5 $5) 23. Nf1 g5 24. Bc1 $16 Rg7 25. a5 Kh8 26. axb6 axb6 27. Rfa2 hxg3
28. hxg3 Rg8 29. Ra8 Rxa8 30. Rxa8 Be2 31. Qa2 Bxf1 32. Kxf1 Qh2 33. Qf2 gxf4
34. Bxf4 Bb4 35. g4 Qh7 36. gxf5 Ne7 (36... Qxf5 37. Qh4+ Kg7 38. Be4 $18) 37.
Ra4 Nxf5 (37... Ba5 38. Ra3 $18) 38. Rxb4 Nh4 39. Be4 Qh5 40. Ke1 Qg4 41. Kd2
1-0

[Event "RUS-ch"]
[Site "Elista"]
[Date "1995.??.??"]
[Round "11"]
[White "Sakaev, Konstantin"]
[Black "Ruban, Vadim"]
[Result "1-0"]
[WhiteElo "2570"]
[BlackElo "2535"]
[Annotator "Dolmatov,S"]
[PlyCount "63"]
[EventDate "1995.10.??"]
[EventType "swiss"]
[EventRounds "11"]
[EventCountry "RUS"]
[SourceTitle "CBM 050"]
[Source "ChessBase"]
[SourceDate "1996.02.01"]
[SourceVersion "1"]
[SourceVersionDate "1996.02.01"]
[SourceQuality "1"]

1. d4 Nf6 2. c4 e6 3. Nf3 b6 4. a3 Ba6 5. Qc2 c5 $6 (5... Bb7 6. Nc3 c5 7. e4
$14) 6. d5 $5 (6. e4 $6 cxd4 7. Nxd4 Bc5 8. Nb3 Nc6 9. Bd3 O-O 10. O-O Qb8 11.
h3) 6... exd5 7. cxd5 Bb7 $6 (7... g6 8. Nc3 Bg7 9. g3 O-O 10. Bg2 d6 $14 {
Shipov,S-Skembris,S/Jagodina/1994/}) 8. e4 Qe7 9. Bd3 Nxd5 10. O-O $16 Nc7 11.
Bg5 (11. Nc3 Ne6 12. b4 $40) 11... f6 12. Bf4 d6 13. Nc3 Nd7 14. b4 $1 g5 15.
Bg3 Ne5 16. bxc5 bxc5 (16... Nxf3+ 17. gxf3 bxc5 18. Nd5 Nxd5 19. exd5 $16) 17.
Bxe5 fxe5 (17... dxe5 18. Rfd1 O-O-O $16) 18. Qa4+ Qd7 (18... Kd8 19. Rab1 Kc8
20. Nxg5 Qxg5 21. Rxb7 $18) 19. Qb3 Bc6 20. Nxg5 Bh6 21. Nf3 Rf8 22. Qd1 $6 (
22. Nh4 $5 Qg4 23. Nb5 $16) 22... Ne6 23. Rb1 a6 24. g3 Rf6 $6 (24... Kf7 25.
Bc4 Kg7 26. Bd5 $14) 25. Bc4 Nf4 $2 26. gxf4 Rxf4 27. Ne1 $1 $18 Qh3 28. Qxd6
Rg4+ 29. Kh1 Bd7 30. Qxe5+ Kf8 31. Qf6+ Ke8 32. Bf7+ 1-0

[Event "Buenos Aires Najdorf"]
[Site "Buenos Aires"]
[Date "1995.??.??"]
[Round "6"]
[White "San Segundo Carrillo, Pablo"]
[Black "Panno, Oscar"]
[Result "1-0"]
[WhiteElo "2520"]
[BlackElo "2510"]
[Annotator "Donev,I"]
[PlyCount "101"]
[EventDate "1995.07.??"]
[EventType "tourn"]
[EventRounds "11"]
[EventCountry "ARG"]
[EventCategory "11"]
[SourceTitle "CBM 049"]
[Source "ChessBase"]
[SourceDate "1995.12.01"]
[SourceVersion "1"]
[SourceVersionDate "1995.12.01"]
[SourceQuality "1"]

1. d4 Nf6 2. c4 e6 3. Nf3 b6 4. a3 c5 5. d5 Ba6 6. Qc2 exd5 7. cxd5 g6 8. Nc3
Bg7 9. g3 O-O 10. Bg2 d6 11. O-O Nbd7 12. Re1 Re8 13. h3 b5 14. e4 Qb6 15. Be3
Rac8 16. Bf1 Qb7 17. Bf4 Bf8 18. e5 dxe5 19. Nxe5 Nxe5 20. Bxe5 Nd7 21. Bf4
Rxe1 22. Rxe1 b4 23. Bxa6 Qxa6 24. Ne4 bxa3 25. bxa3 c4 26. Bd2 Qxa3 27. Bc3
Bg7 28. Bxg7 Kxg7 29. Nc3 Nc5 30. Nb5 Qa5 31. Rb1 Nd3 32. Nd6 Rd8 33. Nb7 Qxd5
34. Nxd8 Qxd8 35. Qxc4 Ne5 36. Qc3 Qf6 37. f4 Nc6 38. Rc1 Nd4 39. Kf2 h5 40.
Rd1 Ne6 41. Qxf6+ Kxf6 42. Kf3 a5 43. Rd6 Ke7 44. Rd5 f5 $6 {Mehr Remis chance
war wenn den Bauer auf f7 bleib.} (44... a4 45. Ra5 Kf6 46. Rxa4 Kg7 47. g4
hxg4+ 48. hxg4 g5 49. f5 $16) 45. Rxa5 Kf6 46. Ra6 Kf7 47. Ke3 Ke7 48. Ra7+ Kf6
49. Rb7 Nc5 50. Rc7 Ne6 51. Ra7 {Und wegen Zug-Zwang schwarz verliert.} (51.
Ra7 Nc5 52. Kd4 Ne4 53. g4 $1 hxg4 54. hxg4 $18 {/\g5}) 1-0

[Event "Rubinstein Memorial"]
[Site "Polanica Zdroj"]
[Date "1992.??.??"]
[Round "9"]
[White "Dorfman, Josif D"]
[Black "Romanishin, Oleg M"]
[Result "1/2-1/2"]
[WhiteElo "2610"]
[BlackElo "2555"]
[Annotator "Dorfman,J"]
[PlyCount "75"]
[EventDate "1992.08.??"]
[EventType "tourn"]
[EventRounds "11"]
[EventCountry "POL"]
[EventCategory "12"]
[SourceTitle "CBM 031"]
[Source "ChessBase"]
[SourceDate "1992.12.01"]
[SourceVersion "1"]
[SourceVersionDate "1992.12.01"]
[SourceQuality "1"]

1. d4 Nf6 2. c4 e6 3. Nf3 b6 4. Nc3 Bb7 (4... Bb4) 5. a3 g6 6. Qc2 $1 {/\ 7.
e4+/-} Bxf3 7. gxf3 Bg7 8. Bg5 $1 $146 h6 9. Bh4 Nc6 (9... O-O 10. O-O-O $16)
10. O-O-O Ne7 11. d5 (11. e4 g5 12. Bg3 Ng6 13. h4 Nh5) 11... exd5 (11... Nf5
12. dxe6 Nxh4 13. exd7+ Kf8 (13... Nxd7 14. Qe4+) 14. Bh3) 12. cxd5 Nf5 13. Bg3
O-O 14. e4 Nxg3 15. hxg3 Qe7 16. f4 $16 d6 17. Bb5 (17. Ba6 $5) 17... a6 18.
Bc6 Rab8 19. Rhe1 b5 20. e5 dxe5 (20... Nd7 21. exd6 Qxd6 22. Ne4 Qe7 23. d6
$18) 21. fxe5 Ng4 (21... Nd7 22. d6 cxd6 23. Nd5 Qd8 24. e6 fxe6 25. Rxe6 $18)
22. Re4 $2 (22. f4 b4 23. axb4 Qxb4 24. Na4 $1 $16) (22. d6 cxd6 23. e6) 22...
Nxe5 $1 23. f4 Nxc6 24. Rxe7 Nxe7 25. g4 $1 b4 26. axb4 Rxb4 27. Re1 Nc8 28.
Re4 Rb8 (28... Rb7 $5) 29. Qa4 Nd6 30. Re7 $6 (30. Rb4 Rbe8 31. Qxa6 $14) 30...
Rb7 31. Qc6 Rc8 32. f5 gxf5 33. gxf5 Bf6 34. Re2 Rcb8 $44 35. Qxa6 Rb4 36. Qd3
Rg4 37. Qh3 Bg5+ 38. Kd1 1/2-1/2

[Event "Grand Slam Final 4th"]
[Site "Sao Paulo/Bilbao"]
[Date "2011.10.08"]
[Round "8"]
[White "Ivanchuk, Vassily"]
[Black "Anand, Viswanathan"]
[Result "1/2-1/2"]
[WhiteElo "2765"]
[BlackElo "2817"]
[Annotator "Edouard,R"]
[PlyCount "116"]
[EventDate "2011.09.26"]
[EventType "tourn"]
[EventRounds "10"]
[EventCountry "BRA"]
[EventCategory "22"]
[SourceTitle "CBM 145"]
[Source "ChessBase"]
[SourceDate "2011.11.11"]
[SourceVersion "1"]
[SourceVersionDate "2011.11.11"]
[SourceQuality "1"]

1. d4 Nf6 2. c4 e6 3. Nf3 b6 4. Nc3 Bb7 5. Bg5 h6 6. Bh4 Be7 7. Qc2 c5 8. dxc5
bxc5 9. e3 O-O 10. Be2 d6 11. O-O Nbd7 12. Rfd1 Qb6 13. Rd2 Rfd8 14. Rad1 a6
15. h3 Bc6 16. Ne1 $146 Qc7 17. Bf3 Ne5 18. Bxc6 Qxc6 19. b3 Ra7 20. Bg3 Qc8 {
Maybe a good move, especially since the World Champion played it, but I simply
don't like it. I feel Black shouldn't be so passive.} (20... Ng6 {was one
decent option, followed by ...Rad7.}) 21. Na4 ({An option for White was simply
} 21. Bxe5 dxe5 22. Rxd8+ Bxd8 23. Nf3 Nd7 {and then a move like} 24. g4 $5 {
with a space and structural advantage. However, Black is still extremely solid
and has no special weakness. Though White's play on the white squares should
be quite easy, I believe Black should hold.}) 21... Re8 22. Bh4 (22. Bxe5 $1 {
was simply strong in my opinion:} dxe5 23. Nf3 (23. e4 $5) 23... e4 {The
"tactical" way, but I'm not sure it is a good idea for Black!} (23... Qc7 24.
e4 $5 {seems simply very unpleasant for Black to me. Maybe Black should hold,
but without a light squared bishop, I would not like to play that position
with Black.}) 24. Ne5 h5 (24... Qc7 25. Ng4 {looks very good for White:} Qc6
26. Nc3 Nxg4 27. hxg4 f5 28. gxf5 exf5 29. Rd5 g6 30. Ne2 {and Black is under
huge pressure.}) 25. g4 $5 {A logical option, though there are some others.
All Black's pieces stand on the queenside, so White tries to act on the
kingside! Somehow, White's pieces should get there faster.} ({The engine
suggests} 25. Nc3 {but after} Qc7 26. Nd7 Nxd7 27. Rxd7 Qxd7 28. Rxd7 Rxd7 29.
Qxe4 Red8 {I don't think White can be so much better.}) 25... Qc7 26. Qb2 hxg4
27. hxg4 Qc8 (27... g5 28. Rd7 Nxd7 29. Rxd7 Qxd7 30. Nxd7 Rxd7 31. Qe5 {
is much better for White (maybe even winning): all Black's pawns are hanging!})
28. g5 Nh7 29. g6 fxg6 30. Nb6 $1 Qc7 31. Nbd7 Ng5 32. Kg2 {and Black is in
huge trouble.}) 22... Ned7 23. Nc3 Ra8 24. f4 Qc7 25. Nf3 Rad8 26. e4 Nb8 27.
e5 {Maybe too early.} ({Something like} 27. Qd3 Nc6 28. Qe3 {in order to
centralise all the pieces might be better. Black is always under pressure,
since e5 may come at any moment, and maybe White can start pushing the
kingside pawns (g4 and so on) sooner or later. Of course Black is very solid,
but the position seems pretty tough to play for him.}) 27... dxe5 28. fxe5 Rxd2
29. Qxd2 Rd8 30. Qe1 Rxd1 31. Nxd1 Nh7 32. Bxe7 Qxe7 33. Nf2 (33. Qa5 {would
have been the only chance to get some advantage, but after} Nc6 $1 ({After} 
33... Qa7 34. Qd8+ $5 {(not the only way)} Nf8 35. Nb2 Nbd7 36. Nd3 Qb7 37. Nd2
Qc6 38. Kf2 {maybe Black is suffering a little bit.}) 34. Qb6 (34. Qxa6 Qc7 $11
) 34... Qd7 35. Nf2 Nd4 36. Qd6 Nxf3+ 37. gxf3 Qb7 38. Ne4 Ng5 {I guess Black
draws by force.}) 33... Qc7 {That position is simply equal.} 34. Ne4 Nf8 35. h4
Nbd7 36. Nf2 Ng6 37. Nd3 Ne7 38. Qe4 Qc6 39. Nf2 Qxe4 40. Nxe4 Nc6 41. Kf2 Kf8
42. g4 Ke7 43. g5 a5 44. Ke3 Ncxe5 45. Nxe5 Nxe5 46. Nxc5 hxg5 47. hxg5 f5 48.
gxf6+ gxf6 49. a3 f5 50. Kd4 Nc6+ 51. Kc3 Kd6 52. b4 axb4+ 53. axb4 e5 54. Nb3
e4 55. b5 Nd8 56. c5+ Kd5 57. Nd4 Kxc5 58. Nxf5 Nb7 1/2-1/2

[Event "Qatar Masters op"]
[Site "Doha"]
[Date "2014.12.01"]
[Round "6"]
[White "Edouard, Romain"]
[Black "Lenderman, Aleksandr"]
[Result "0-1"]
[WhiteElo "2659"]
[BlackElo "2598"]
[Annotator "Edouard,R"]
[PlyCount "82"]
[EventDate "2014.11.26"]
[EventType "swiss"]
[EventRounds "9"]
[EventCountry "QAT"]
[SourceTitle "CBM 164"]
[Source "ChessBase"]
[SourceDate "2015.01.15"]
[SourceVersion "1"]
[SourceVersionDate "2015.01.15"]
[SourceQuality "1"]

1. Nf3 Nf6 2. c4 b6 3. d4 e6 4. Bf4 Bb7 ({Black often starts with} 4... Bb4+ $5
{but usually ...Bb7 comes next.}) 5. e3 Bb4+ {Somehow losing a tempo to
misplace one of the white knights, as ideally the b1-knight should go to c3,
while now move Nc3 would transpose to a good version of the Nimzo-Indian for
Black.} (5... Be7 {is of course playable too.}) 6. Nbd2 (6. Nfd2 {should be
the critical move, but I had no idea about it as I just played 4.Bf4 over the
board. The main idea is to avoid ...Nh5 ideas, while} O-O 7. a3 Be7 8. Nc3 c5 {
is met by} 9. d5 $1 {with the idea} exd5 10. cxd5 Nxd5 $6 11. Qf3 $16) 6... Be7
7. Bd3 $6 (7. h3 {should be critical:} O-O (7... c5 8. Be2 O-O 9. O-O d6 10.
Rc1 Nbd7 11. Bh2 $36 {1-0 (40) Onischuk,A (2672)-Tiviakov,S (2663) Antalya TUR
2013}) 8. Be2 d5 9. cxd5 Nxd5 10. Bg3 Nd7 11. O-O c5 12. Rc1 Rc8 13. a3 N5f6
14. Nb3 cxd4 15. Rxc8 Qxc8 16. Nbxd4 a6 $11 {1/2-1/2 (56) Aronian,L (2815)
-Leko,P (2732) CHN 2012}) 7... Nh5 {After this move Black is just fine,
although the position is quite unclear.} 8. Bg3 O-O (8... c5 $5) 9. Qc2 (9. Ng5
Bxg5 (9... g6 $2 10. Nxh7 Re8 11. Qg4 $1 $16) 10. Qxh5 g6 11. Qe2 $5 (11. Qh3
f5 {is totally fine for Black.}) 11... Bxg2 12. Rg1 Bb7 13. O-O-O $44 {may
deserve attention.}) 9... h6 (9... g6 $5) 10. O-O-O $6 (10. O-O {remains about
equal.}) 10... c5 11. Bxb8 Rxb8 12. g4 Nf6 13. Rhg1 (13. g5 $2 hxg5 14. Rhg1 {
just doesn't work at all, e.g.} g4 15. Ne5 cxd4 16. exd4 d5 $19) 13... Ne8 $1 (
13... cxd4 14. g5 {looked to me like terrifying for Black although the
computer just considers it to be a draw:} hxg5 15. Rxg5 dxe3 16. Rdg1 Ne8 (
16... exf2 $5 17. Rxg7+ Kh8 18. R1g5 Rg8 19. Rxf7 Bxf3 20. Nxf3 Rxg5 21. Nxg5
Qg8 22. h4 Rf8 23. Rxf8 f1=R+ 24. Bxf1 Qxf8 $11) (16... exd2+ $4 17. Qxd2 Ne8
18. Rxg7+ Nxg7 19. Qh6 $18) 17. Bh7+ Kh8 18. Rh5 exd2+ 19. Nxd2 Nf6 20. Rh3 Qc7
$11) 14. dxc5 (14. Kb1 {would be safer.}) 14... bxc5 15. h4 Bxh4 {While this
pawn had to be given away in order to continue the attack, it also somehow had
to be taken!} (15... Bf6 $5 16. b3 $8 (16. g5 $4 Bxb2+ $19) 16... Bxh4 17. Nxh4
Qxh4 18. f4 {doesn't change that much, although I was happy to keep my pawn on
b2 instead.}) 16. Nxh4 Qxh4 17. f4 Qe7 (17... Qf2 {is pretty risky as after}
18. Qc3 {the black queen could end up in trouble, especially since} d5 $2 {
is met by} 19. Qe5 $1 Nf6 20. g5 Nd7 21. Qd6 $16) 18. g5 h5 19. e4 {Here I
thought I was better or even much better, but Black is just absolutely fine.}
g6 20. f5 Qd6 $1 {Controlling all the dark squares.} 21. e5 $2 ({It was time
to be reasonable and kind of force a draw with} 21. Rdf1 Qe5 22. Nf3 Qf4+ 23.
Nd2 (23. Kb1 Nd6 $132) 23... Qe5 $11) (21. fxg6 fxg6 22. e5 Qxe5 23. Bxg6 Ng7
$15) 21... Qxe5 22. f6 $6 Kh7 {There is just no compensation for the pawns!}
23. Rde1 Qf4 ({Crazy Houdini is also happy with} 23... Qc7 $5 24. Qd1 Kh8 25.
Rh1 Bxh1 26. Rxh1 Nxf6 $1 (26... Ng7 $5) 27. gxf6 Qe5 28. Nb3 d5 $19) 24. Ref1
Qd4 25. Nb3 Qe3+ 26. Kb1 Nd6 27. Re1 Qf4 28. Ref1 Qh4 $1 29. Nxc5 Bc6 30. Ka1
Rfe8 $5 (30... Nf5 $19) 31. Rf2 Qd4 $5 (31... Nf5 $19) 32. Nb3 Qe3 33. Rff1 Nf5
34. Re1 Qf4 35. Ref1 Qd6 $1 {Cleverly bringing the queen to the other side of
the board, now that the black king is safe. In time trouble I just could not
hold the position more than a few moves.} 36. Rd1 Qb4 37. Qe2 a5 38. Bb1 a4 39.
Nc1 Bf3 40. Qh2 Bxd1 41. Rxd1 a3 0-1

[Event "RUS-ch"]
[Site "Elista"]
[Date "1996.??.??"]
[Round "8"]
[White "Goldin, Alexander"]
[Black "Yemelin, Vasily"]
[Result "1-0"]
[WhiteElo "2570"]
[BlackElo "2460"]
[Annotator "Endgame-CD"]
[PlyCount "123"]
[EventDate "1996.10.15"]
[EventType "swiss"]
[EventRounds "11"]
[EventCountry "RUS"]
[SourceTitle "CBM 056"]
[Source "ChessBase"]
[SourceDate "1997.02.01"]
[SourceVersion "1"]
[SourceVersionDate "1997.02.01"]
[SourceQuality "1"]

1. d4 Nf6 2. c4 e6 3. Nf3 b6 4. a3 Ba6 5. Qc2 Bb7 6. Nc3 c5 7. e4 cxd4 8. Nxd4
d6 9. Be2 Nbd7 10. Be3 a6 11. O-O-O Rc8 12. f4 Qc7 13. g4 e5 14. Nf5 g6 15. Ng3
exf4 16. Bxf4 Ne5 17. Bxe5 Bh6+ 18. Kb1 dxe5 19. h4 Bf4 20. g5 Nd7 21. Bg4 Rd8
22. Nge2 O-O 23. Nd5 Bxd5 24. exd5 f5 25. gxf6 Nxf6 26. Be6+ Kg7 27. Nxf4 exf4
28. Qc3 Kh6 29. Rhe1 Qd6 30. b4 a5 31. bxa5 Nh5 32. Bg4 Rde8 33. Qb4 Qf6 34.
axb6 f3 35. Qd2+ Nf4 36. Bxf3 Qxb6+ 37. Ka2 Qc5 38. Rxe8 Qxc4+ 39. Ka1 Rxe8 40.
Rc1 Qa4 41. Ka2 Rb8 42. Bd1 Qe4 43. Bb3 Qg2 44. Qxg2 Nxg2 45. Rc4 Rd8 46. a4 g5
47. hxg5+ Kxg5 48. Rc7 Nf4 49. Rxh7 Nxd5 50. Bxd5 Rxd5 $18 51. Rf7 (51. Kb3 $18
) 51... Rd3 52. Kb2 (52. a5 $4 Rd5 53. Ra7 Kf5 $11) 52... Kg6 53. Rf1 Re3 (
53... Rd8 54. Kb3 Rb8+ 55. Kc4 Rc8+ 56. Kb5 Rb8+ 57. Kc6 Rc8+ 58. Kb7 Rc5 59.
Kb6 $18) 54. a5 Re5 55. Ra1 Kf7 56. a6 Re8 57. Kb3 Ra8 58. Kb4 Ke7 59. Kb5 Kd6
60. a7 Kc7 61. Ka6 Rh8 62. Rc1+ (62. Rc1+ Kd6 63. Kb7 Rh7+ 64. Kb8 Rh8+ 65. Rc8
$18) 1-0